[Event "Gaprindashvili Cup op 2nd"]
[Site "Tornelo INT"]
[Date "2020.11.09"]
[Round "6"]
[White "Patsia, Zviad"]
[Black "Elashvili, Giorgi"]
[Result "1-0"]
[WhiteElo "2204"]
[BlackElo "1857"]
[PlyCount "73"]
[EventDate "2020.11.08"]
[EventType "swiss (rapid)"]
[EventRounds "9"]
[EventCountry "GEO"]
[SourceTitle "CBM 199 Extra"]
[Source "ChessBase"]
[SourceDate "2021.01.31"]
[SourceVersion "1"]
[SourceVersionDate "2021.01.31"]
[SourceQuality "1"]

1. e4 e6 2. d4 d5 3. Nc3 Nf6 4. e5 Nfd7 5. f4 c5 6. Nf3 Nc6 7. Be3 cxd4 8. Nxd4 Qb6 9. Na4 Qa5+ 10. c3 Nxd4 11. b4 Bxb4 12. Bxd4 Be7 13. Bd3 b5 14. Nb2 Nb6 15. 0-0 Nc4 16. Qe2 Ba3 17. Nd1 g6 18. f5 gxf5 19. Bxf5 Bd7 20. Bg4 Rf8 21. Ne3 0-0-0 22. Nxc4 bxc4 23. Rab1 Kc7 24. Qe3 Ra8 25. Bh5 Be8 26. Kh1 Rb8 27. Bxa7 Rb5 28. Rxb5 Qxb5 29. Qh6 Qb2 30. Bd4 Qc2 31. h3 Rg8 32. Bf3 Qg6 33. Qh4 Rg7 34. Qf2 Ba4 35. Ba7 Bc6 36. Qb6+ Kd7 37. Bb8 1-0

[Event "Tbilisi Gaprindashvili Cup"]
[Site "Tbilisi"]
[Date "2019.09.29"]
[Round "9"]
[White "Patsia, Zviad"]
[Black "Sanikidze, Tornike"]
[Result "1-0"]
[WhiteElo "2107"]
[BlackElo "2515"]
[PlyCount "43"]
[EventDate "2019.09.21"]
[EventType "swiss"]
[EventRounds "9"]
[EventCountry "GEO"]
[SourceTitle "EXT 2020"]
[Source "ChessBase"]
[SourceDate "2019.10.17"]
[SourceVersion "1"]
[SourceVersionDate "2019.10.17"]
[SourceQuality "1"]

1. Nf3 g6 2. g3 Bg7 3. Bg2 Nf6 4. 0-0 0-0 5. c4 c6 6. d4 d5 7. b3 a5 8. Nc3 Ne4 9. Bb2 Nxc3 10. Bxc3 Bf5 11. Rc1 a4 12. cxd5 Qxd5 13. Ne5 Qd6 14. Nc4 Qe6 15. Nb6 Ra6 16. Nxa4 Nd7 17. d5 cxd5 18. Bxd5 Qd6 19. Bxg7 Kxg7 20. Bxb7 Qxd1 21. Rfxd1 Ra7 22. Bg2 1-0

[Event "Krakow op-B 29th"]
[Site "Krakow"]
[Date "2018.12.29"]
[Round "4"]
[White "Patsia, Zviad"]
[Black "Brylski, Pawel"]
[Result "1-0"]
[WhiteElo "2058"]
[BlackElo "1975"]
[PlyCount "47"]
[EventDate "2018.12.27"]
[EventType "swiss"]
[EventRounds "9"]
[EventCountry "POL"]
[SourceTitle "CBM 189 Extra"]
[Source "ChessBase"]
[SourceDate "2019.06.03"]
[SourceVersion "1"]
[SourceVersionDate "2019.06.03"]
[SourceQuality "1"]

1. c4 f5 2. Nc3 Nf6 3. g3 e6 4. Bg2 Be7 5. d4 d6 6. Nf3 0-0 7. b3 Qe8 8. Qc2 Qh5 9. h3 Nc6 10. Bb2 a5 11. a3 Rb8 12. d5 Ne5 13. Nxe5 dxe5 14. Nb5 exd5 15. Bxe5 Bd7 16. Nxc7 Ne4 17. Nxd5 Bc5 18. e3 Rbe8 19. Qb2 f4 20. Bxf4 g5 21. Bxe4 gxf4 22. gxf4 Qh6 23. Rg1+ Kf7 24. Bg6+ 1-0

[Event "Poti Aleksandria Cup 10th"]
[Site "Poti"]
[Date "2015.07.18"]
[Round "7"]
[White "Patsia, Zviad"]
[Black "Javakhadze, Zurab"]
[Result "0-1"]
[WhiteElo "2231"]
[BlackElo "2415"]
[PlyCount "60"]
[EventDate "2015.07.13"]
[EventType "swiss"]
[EventRounds "9"]
[EventCountry "GEO"]
[SourceTitle "CBM 167 Extra"]
[Source "ChessBase"]
[SourceDate "2015.09.14"]
[SourceVersion "1"]
[SourceVersionDate "2015.09.14"]
[SourceQuality "1"]

1. e4 c5 2. Nf3 d6 3. d4 cxd4 4. Nxd4 Nf6 5. Nc3 g6 6. Be3 Bg7 7. f3 a6 8. Qd2 h5 9. Bc4 Nbd7 10. 0-0-0 b5 11. Bb3 Bb7 12. Nd5 Rc8 13. Nxf6+ Bxf6 14. h4 Ne5 15. Bg5 Bg7 16. g4 hxg4 17. h5 Nc4 18. Qf2 Rc5 19. h6 Bf8 20. f4 Rxg5 21. fxg5 e5 22. Bxc4 bxc4 23. Rdf1 Qxg5+ 24. Kb1 Qe7 25. Ne2 Bxe4 26. Rh4 f5 27. Nc3 Bf3 28. Qh2 Qg5 29. h7 Be7 30. Rh6 Kf7 0-1

[Event "GEO-ch 74th"]
[Site "Tbilisi"]
[Date "2015.01.12"]
[Round "1"]
[White "Patsia, Zviad"]
[Black "Mchedlishvili, Mikheil"]
[Result "1/2-1/2"]
[WhiteElo "2204"]
[BlackElo "2587"]
[PlyCount "66"]
[EventDate "2015.01.10"]
[EventType "k.o."]
[EventRounds "4"]
[EventCountry "GEO"]
[SourceTitle "CBM 164 Extra"]
[Source "ChessBase"]
[SourceDate "2015.03.02"]
[SourceVersion "1"]
[SourceVersionDate "2015.03.02"]
[SourceQuality "1"]

1. c4 e5 2. Nc3 Nf6 3. g3 Bb4 4. Bg2 0-0 5. Nd5 Nxd5 6. cxd5 c6 7. Qb3 Ba5 8. Nf3 Re8 9. 0-0 e4 10. Nd4 Bb6 11. Nf5 d6 12. Ne3 Bxe3 13. fxe3 Qb6 14. Qxb6 axb6 15. d3 exd3 16. exd3 c5 17. Bd2 Nd7 18. b3 Ne5 19. d4 Ng4 20. dxc5 bxc5 21. e4 Ne5 22. a4 b6 23. a5 Ba6 24. Rfe1 bxa5 25. Rxa5 Bd3 26. b4 Nc4 27. Rxa8 Rxa8 28. Bc3 cxb4 29. Bxb4 Rb8 30. Bc3 Kf8 31. Rd1 Rb1 32. Rxb1 Bxb1 33. Kf2 Ne5 1/2-1/2

[Event "GEO-chT Club"]
[Site "Ureki"]
[Date "2014.09.28"]
[Round "2.3"]
[White "Patsia, Zviad"]
[Black "Shanava, Konstantine"]
[Result "1-0"]
[WhiteElo "2119"]
[BlackElo "2550"]
[PlyCount "65"]
[EventDate "2014.09.27"]
[EventType "team-tourn"]
[EventRounds "7"]
[EventCountry "GEO"]
[SourceTitle "CBM 162 Extra"]
[Source "ChessBase"]
[SourceDate "2014.10.17"]
[SourceVersion "1"]
[SourceVersionDate "2014.10.17"]
[SourceQuality "1"]
[WhiteTeam "Samegrelo"]
[BlackTeam "Tbilisi"]
[WhiteTeamCountry "GEO"]
[BlackTeamCountry "GEO"]

1. c4 e5 2. Nc3 Nc6 3. g3 f5 4. Bg2 d6 5. d3 Nf6 6. Nf3 h6 7. 0-0 g5 8. e4 f4 9. d4 Bg4 10. d5 Nd4 11. Qd3 Nxf3+ 12. Bxf3 h5 13. Bxg4 hxg4 14. gxf4 gxf4 15. Bxf4 Nh7 16. Bg3 Ng5 17. f4 Nh3+ 18. Kg2 Nxf4+ 19. Bxf4 exf4 20. Rxf4 Bg7 21. e5 Qh4 22. Qg6+ Kd8 23. Rh1 Bxe5 24. Rf7 Qh3+ 25. Kf2 g3+ 26. hxg3 Bd4+ 27. Ke2 Re8+ 28. Kd3 Qxh1 29. Qf5 Re3+ 30. Kxd4 Re7 31. Rf8+ Re8 32. Qf6+ Kd7 33. Qf7+ 1-0

[Event "Poti Aleksandria Cup 7th"]
[Site "Poti"]
[Date "2012.07.19"]
[Round "7"]
[White "Hayrapetyan, Hovik"]
[Black "Patsia, Zviad"]
[Result "1-0"]
[WhiteElo "2458"]
[BlackElo "2168"]
[PlyCount "107"]
[EventDate "2012.07.14"]
[EventType "swiss"]
[EventRounds "9"]
[EventCountry "GEO"]
[SourceTitle "CBM 149 Extra"]
[Source "ChessBase"]
[SourceDate "2012.08.24"]
[SourceVersion "1"]
[SourceVersionDate "2012.08.24"]
[SourceQuality "1"]

1. d4 d5 2. Nf3 Nc6 3. Bf4 Nf6 4. e3 e6 5. Nbd2 Be7 6. h3 Bd6 7. Bxd6 Qxd6 8. Bb5 0-0 9. 0-0 a6 10. Bxc6 bxc6 11. Nb3 Nd7 12. Rc1 a5 13. c4 a4 14. Nbd2 e5 15. cxd5 cxd5 16. dxe5 Nxe5 17. Nxe5 Qxe5 18. Qc2 Bf5 19. Nf3 Qf6 20. Qc3 Rfb8 21. Nd4 Be4 22. f3 Bg6 23. Rf2 Rc8 24. Qc5 c6 25. Rd2 h5 26. Nxc6 Kh7 27. Rxd5 Ra6 28. Rd6 Qxb2 29. a3 Qb6 30. Kh2 Qc7 31. Nd4 Qb8 32. Qxc8 Qxd6+ 33. f4 Be4 34. Rc5 f5 35. Nxf5 Qd2 36. Nh4 Rh6 37. Rg5 Qxe3 38. Qf8 Qd4 39. Nf5 Bxf5 40. Qxf5+ Kg8 41. Qd5+ Qxd5 42. Rxd5 Rf6 43. Rd4 Ra6 44. Kg3 Kf7 45. Kh4 Kg6 46. Rd5 Rc6 47. Rxh5 Rc4 48. g3 Rc3 49. Ra5 Rxa3 50. g4 Kh6 51. Ra6+ Kh7 52. f5 Kg8 53. Ra7 Kf8 54. g5 1-0

[Event "Poti Aleksandria Cup 7th"]
[Site "Poti"]
[Date "2012.07.18"]
[Round "6"]
[White "Morchiashvili, Bachana"]
[Black "Patsia, Zviad"]
[Result "1/2-1/2"]
[WhiteElo "2352"]
[BlackElo "2168"]
[PlyCount "129"]
[EventDate "2012.07.14"]
[EventType "swiss"]
[EventRounds "9"]
[EventCountry "GEO"]
[SourceTitle "CBM 149 Extra"]
[Source "ChessBase"]
[SourceDate "2012.08.24"]
[SourceVersion "1"]
[SourceVersionDate "2012.08.24"]
[SourceQuality "1"]

1. d4 d5 2. Nf3 b5 3. e3 c6 4. Bd3 Nf6 5. 0-0 Bg4 6. Nbd2 e6 7. e4 dxe4 8. Nxe4 Nxe4 9. Bxe4 Bd6 10. c4 bxc4 11. Qa4 0-0 12. Qxc4 f5 13. Qxe6+ Kh8 14. Bg5 Qc7 15. Ne5 Bxe5 16. dxe5 fxe4 17. Qxg4 Qxe5 18. Rae1 Qxb2 19. Re2 Qb5 20. Rxe4 Nd7 21. Bh6 Rf7 22. Bg5 Nf6 23. Bxf6 Rxf6 24. Rfe1 Qc5 25. Rf4 Rxf4 26. Qxf4 Qa5 27. Re2 Rd8 28. g3 Qd5 29. Qe4 h6 30. Qxd5 Rxd5 31. Re6 Ra5 32. Rxc6 Rxa2 33. h4 Kg8 34. Rc7 Ra5 35. Kg2 Kh7 36. g4 Kg6 37. h5+ Kf6 38. Kg3 Ra3+ 39. f3 Ra1 40. Rc6+ Kf7 41. Rc3 a5 42. Kf4 Kg8 43. Rc8+ Kh7 44. Ra8 a4 45. Ra7 a3 46. Kg3 Rg1+ 47. Kf2 Ra1 48. Kg2 Ra2+ 49. Kh3 Ra1 50. f4 Kg8 51. Kg2 Ra2+ 52. Kf3 Ra1 53. Ke4 Kh7 54. Ra8 Re1+ 55. Kf3 Ra1 56. Ke4 Re1+ 57. Kf5 Ra1 58. Ra7 Ra2 59. Ke4 Ra1 60. Kf3 Kg8 61. g5 hxg5 62. fxg5 Kh7 63. h6 a2 64. Kg2 Rb1 65. Rxa2 1/2-1/2

[Event "Poti Aleksandria Cup 7th"]
[Site "Poti"]
[Date "2012.07.16"]
[Round "4"]
[White "Nigalidze, Gaioz"]
[Black "Patsia, Zviad"]
[Result "1-0"]
[WhiteElo "2441"]
[BlackElo "2168"]
[PlyCount "81"]
[EventDate "2012.07.14"]
[EventType "swiss"]
[EventRounds "9"]
[EventCountry "GEO"]
[SourceTitle "CBM 149 Extra"]
[Source "ChessBase"]
[SourceDate "2012.08.24"]
[SourceVersion "1"]
[SourceVersionDate "2012.08.24"]
[SourceQuality "1"]

1. d4 d5 2. c4 e6 3. Nc3 Nf6 4. Nf3 Be7 5. Bg5 0-0 6. e3 Nbd7 7. Rc1 a6 8. cxd5 exd5 9. Bd3 c6 10. Qc2 Re8 11. 0-0 Nf8 12. Ne5 Ng4 13. Bxe7 Qxe7 14. Nxg4 Bxg4 15. Rfe1 Qg5 16. Kh1 Re6 17. f3 Bh5 18. Qf2 Qe7 19. Re2 Re8 20. Rce1 Bg6 21. e4 dxe4 22. fxe4 Rd6 23. e5 Rdd8 24. Bxg6 Nxg6 25. Ne4 Qh4 26. g3 Qg4 27. Nd6 Re7 28. Nf5 Red7 29. Re4 Qh3 30. R1e3 Qh5 31. g4 Qg5 32. h4 Nxh4 33. Qxh4 Qxh4+ 34. Nxh4 Rxd4 35. Nf5 Rxe4 36. Rxe4 Rd1+ 37. Kg2 Rd2+ 38. Kf3 Rxb2 39. Rd4 h6 40. Rd8+ Kh7 41. Rf8 1-0

[Event "Poti Aleksandria Cup"]
[Site "Poti"]
[Date "2011.07.12"]
[Round "2"]
[White "Patsia, Zviad"]
[Black "Benidze, Davit"]
[Result "0-1"]
[WhiteElo "2168"]
[BlackElo "2514"]
[PlyCount "39"]
[EventDate "2011.07.11"]
[EventType "swiss"]
[EventRounds "9"]
[EventCountry "GEO"]
[SourceTitle "CBM 143 Extra"]
[Source "ChessBase"]
[SourceDate "2011.08.29"]
[SourceVersion "1"]
[SourceVersionDate "2011.08.29"]
[SourceQuality "1"]

1. e3 Nf6 2. Nf3 c5 3. d4 e6 4. a3 b6 5. Be2 Bb7 6. 0-0 Be7 7. Nbd2 cxd4 8. Nxd4 Nc6 9. Bf3 0-0 10. b3 d5 11. Nxc6 Bxc6 12. Bb2 Qd7 13. Qe2 Rfd8 14. e4 dxe4 15. Nxe4 Nxe4 16. Bxe4 Bxe4 17. Qxe4 Qd2 18. Rfe1 Rac8 19. Re2 Qd5 20. c4 0-1

[Event "Tbilisi Cup"]
[Site "Tbilisi"]
[Date "2010.05.22"]
[Round "8"]
[White "Patsia, Zviad"]
[Black "Chigladze, Iveri"]
[Result "0-1"]
[WhiteElo "2209"]
[BlackElo "2386"]
[PlyCount "150"]
[EventDate "2010.05.15"]
[EventType "swiss"]
[EventRounds "9"]
[EventCountry "GEO"]
[SourceTitle "CBM 136 Extra"]
[Source "ChessBase"]
[SourceDate "2010.07.02"]
[SourceVersion "2"]
[SourceVersionDate "2010.07.15"]
[SourceQuality "1"]

1. c4 e6 2. Nc3 d5 3. d4 Nf6 4. Nf3 c6 5. cxd5 exd5 6. Bg5 Be7 7. Qc2 g6 8. e3 Bf5 9. Bd3 Bxd3 10. Qxd3 0-0 11. Ne5 Re8 12. 0-0 Nbd7 13. f4 Nh5 14. Bh6 Bf8 15. Bxf8 Rxf8 16. g4 Ng7 17. h3 f6 18. Nf3 Nb6 19. Nh4 Qd7 20. f5 g5 21. Ng2 Rad8 22. h4 h6 23. hxg5 hxg5 24. Kf2 Qd6 25. Rh1 Qb4 26. b3 Rfe8 27. Ne1 Kf7 28. Nc2 Qd6 29. Rh7 Rh8 30. Rah1 Qb8 31. Qf1 Rxh7 32. Rxh7 Rh8 33. Qh3 Rxh7 34. Qxh7 Nd7 35. Ne1 Nf8 36. Qh6 Qd8 37. Ne2 Ne8 38. Nd3 Nd6 39. Ng3 Qe7 40. Nh5 Ne4+ 41. Kg2 Kg8 42. Nf2 Nd7 43. Nxe4 Qxe4+ 44. Kf2 Qe7 45. Ng3 b6 46. Qh1 Qb4 47. Qc1 Qd6 48. Kg2 c5 49. Qa3 Qc7 50. Qa4 Kf8 51. Qb5 Ke7 52. Ne2 Kd6 53. Nc3 Qc6 54. Kf2 a5 55. Qf1 Ke7 56. Nb5 c4 57. bxc4 dxc4 58. a4 c3 59. Qc1 c2 60. Ke1 Qg2 61. Na3 Qxg4 62. Qxc2 Qf3 63. Nc4 g4 64. Qf2 Qc6 65. Nd2 b5 66. axb5 Qxb5 67. Qe2 Qxf5 68. Nf1 a4 69. Qb2 Qa5+ 70. Nd2 a3 71. Qa2 g3 72. Ke2 Qh5+ 73. Kd3 g2 74. Qxa3+ Kf7 75. Qd6 Qb5+ 0-1

[Event "Tbilisi Cup"]
[Site "Tbilisi"]
[Date "2010.05.16"]
[Round "2"]
[White "Patsia, Zviad"]
[Black "Kotanjian, Tigran"]
[Result "1/2-1/2"]
[WhiteElo "2209"]
[BlackElo "2522"]
[PlyCount "94"]
[EventDate "2010.05.15"]
[EventType "swiss"]
[EventRounds "9"]
[EventCountry "GEO"]
[SourceTitle "CBM 136 Extra"]
[Source "ChessBase"]
[SourceDate "2010.07.02"]
[SourceVersion "2"]
[SourceVersionDate "2010.07.15"]
[SourceQuality "1"]

1. c4 f5 2. Nc3 Nf6 3. g3 g6 4. Bg2 Bg7 5. d4 0-0 6. Nh3 d6 7. 0-0 Na6 8. Qc2 e5 9. dxe5 dxe5 10. Rd1 Qe8 11. Nd5 c6 12. Nxf6+ Bxf6 13. Bh6 Rf7 14. Ng5 Be6 15. Nxf7 Qxf7 16. Bd2 Bxc4 17. Bc3 Bxa2 18. Rd6 Bd5 19. Ra5 Nc7 20. f4 Re8 21. Rxa7 Bxg2 22. Kxg2 Nd5 23. Qd3 exf4 24. Bxf6 Nxf6 25. Rxc6 fxg3 26. hxg3 f4 27. Rb6 Re7 28. Qb3 Nd5 29. Rbxb7 Ne3+ 30. Kf3 Qxb3 31. Ra8+ Kg7 32. Rxb3 Nf5 33. Kxf4 Rxe2 34. Rb7+ Kh6 35. Raa7 Rf2+ 36. Kg4 Ne3+ 37. Kh3 Kg5 38. Rb5+ Nf5 39. Rxh7 Rf3 40. Kh2 Rf2+ 41. Kg1 Rf3 42. Rh2 Kg4 43. Rb4+ Kxg3 44. Rg2+ Kh3 45. Rxg6 Ne3 46. Rh6+ Kg3 47. Rg6+ Kh3 1/2-1/2

[Event "Tbilisi Municipality Cup"]
[Site "Tbilisi"]
[Date "2009.06.18"]
[Round "4"]
[White "Bregadze, Levan"]
[Black "Patsia, Zviad"]
[Result "0-1"]
[WhiteElo "2420"]
[BlackElo "2145"]
[PlyCount "82"]
[EventDate "2009.06.15"]
[EventType "swiss"]
[EventRounds "9"]
[EventCountry "GEO"]
[SourceTitle "CBM 130 Extra"]
[Source "ChessBase"]
[SourceDate "2009.07.02"]
[SourceVersion "2"]
[SourceVersionDate "2009.07.15"]
[SourceQuality "1"]

1. d4 d5 2. c4 e6 3. Nf3 Nf6 4. Nc3 a6 5. cxd5 exd5 6. Bg5 Be7 7. e3 0-0 8. Bd3 Nbd7 9. Qc2 c6 10. 0-0-0 Re8 11. Ne5 h6 12. Bf4 Nxe5 13. Bxe5 Bd6 14. f4 Bb4 15. h3 Nd7 16. Qb3 Bf8 17. Bb1 Be7 18. e4 Nxe5 19. dxe5 d4 20. Qc4 c5 21. Nd5 b5 22. Qc2 a5 23. Qd3 b4 24. g4 Ba6 25. Qf3 Bh4 26. Rhg1 g6 27. g5 hxg5 28. Nf6+ Kg7 29. Rg4 Bc8 30. Bc2 Bxg4 31. Qxg4 c4 32. Nxe8+ Qxe8 33. Rxd4 Rd8 34. Rd6 Qe7 35. Kb1 Rxd6 36. exd6 Qxd6 37. fxg5 Qc5 38. e5 Qe3 39. e6 Bxg5 40. Qd1 Qxe6 41. Ka1 Bf6 0-1

[Event "Agneaux St Lo op"]
[Site "Agneaux"]
[Date "2005.07.16"]
[Round "9"]
[White "Jolly, Jean Francois"]
[Black "Patsia, Zviad"]
[Result "0-1"]
[WhiteElo "2203"]
[BlackElo "2091"]
[PlyCount "66"]
[EventDate "2005.07.08"]
[EventType "swiss"]
[EventRounds "9"]
[EventCountry "FRA"]
[SourceTitle "CBM 107 Extra"]
[Source "ChessBase"]
[SourceDate "2005.09.01"]
[SourceVersion "1"]
[SourceVersionDate "2005.09.01"]
[SourceQuality "1"]

1. d4 d5 2. c4 c6 3. Nc3 dxc4 4. g3 Nf6 5. Nf3 e6 6. Bg2 Nbd7 7. e4 Bb4 8. e5 Nd5 9. Qc2 b5 10. 0-0 N7b6 11. Ne4 Bd7 12. Bg5 Qc7 13. a3 Bf8 14. h4 h6 15. Bd2 a5 16. g4 Be7 17. g5 hxg5 18. hxg5 g6 19. Nf6+ Nxf6 20. gxf6 Bf8 21. Ng5 Nd5 22. Rfc1 Qb6 23. Qe4 c5 24. Be3 Rc8 25. dxc5 Qc7 26. Bd4 Bxc5 27. Bxc5 Qxc5 28. Nf3 b4 29. Bf1 Nb6 30. Bxc4 Nxc4 31. b3 Nd2 32. Nxd2 Qxc1+ 33. Rxc1 Rxc1+ 0-1

[Event "Agneaux St Lo op"]
[Site "Agneaux"]
[Date "2005.07.13"]
[Round "6"]
[White "Patsia, Zviad"]
[Black "Lemarchand, Matthieu"]
[Result "1-0"]
[WhiteElo "2091"]
[BlackElo "1824"]
[PlyCount "41"]
[EventDate "2005.07.08"]
[EventType "swiss"]
[EventRounds "9"]
[EventCountry "FRA"]
[SourceTitle "CBM 107 Extra"]
[Source "ChessBase"]
[SourceDate "2005.09.01"]
[SourceVersion "1"]
[SourceVersionDate "2005.09.01"]
[SourceQuality "1"]

1. c4 Nf6 2. Nc3 e5 3. g3 d5 4. cxd5 Nxd5 5. Bg2 c6 6. Nf3 Bd6 7. 0-0 0-0 8. d4 exd4 9. Nxd5 cxd5 10. Qxd4 Re8 11. Qxd5 Qf6 12. Bg5 Qe6 13. Qxe6 Rxe6 14. Nd4 Rg6 15. Nb5 Be5 16. Rad1 Nd7 17. Be3 a6 18. Na7 Bd6 19. Nxc8 Rxc8 20. Bxb7 Rb8 21. Be4 1-0

[Event "La Fere op 4th"]
[Site "La Fere"]
[Date "2005.07.06"]
[Round "7"]
[White "Patsia, Zviad"]
[Black "Gharamian, Tigran"]
[Result "1/2-1/2"]
[WhiteElo "2091"]
[BlackElo "2412"]
[PlyCount "119"]
[EventDate "2005.07.02"]
[EventType "swiss"]
[EventRounds "9"]
[EventCountry "FRA"]
[SourceTitle "CBM 107 Extra"]
[Source "ChessBase"]
[SourceDate "2005.09.01"]
[SourceVersion "1"]
[SourceVersionDate "2005.09.01"]
[SourceQuality "1"]

1. c4 Nf6 2. Nc3 c5 3. g3 e6 4. Bg2 Be7 5. Nf3 0-0 6. 0-0 d5 7. cxd5 exd5 8. d4 Nc6 9. dxc5 Bxc5 10. Bg5 d4 11. Bxf6 Qxf6 12. Ne4 Qe7 13. Nxc5 Qxc5 14. Rc1 Qb6 15. Qd2 Be6 16. b3 Rad8 17. Ng5 Bf5 18. Ne4 Rfe8 19. Qf4 Bxe4 20. Bxe4 Ne5 21. Rfd1 Rd6 22. Rd2 h6 23. Rdc2 Ng6 24. Rc8 Rdd8 25. Rxd8 Qxd8 26. Bxg6 fxg6 27. Rc7 Qd5 28. Qg4 Re6 29. Qf3 Qxf3 30. exf3 Ra6 31. Rxb7 Rxa2 32. Rd7 Ra3 33. Rxd4 Rxb3 34. Ra4 Rb7 35. Kg2 g5 36. g4 Kf7 37. Ra6 Ke8 38. Kg3 Rf7 39. h4 gxh4+ 40. Kxh4 Rxf3 41. Rxa7 Kf8 42. g5 hxg5+ 43. Kxg5 Rxf2 44. Ra8+ Kf7 45. Ra7+ Kg8 46. Ra4 Rg2+ 47. Rg4 Ra2 48. Rf4 Ra6 49. Rf3 Rh6 50. Rf4 Kh7 51. Ra4 Rg6+ 52. Kf5 Rh6 53. Kg4 Rh1 54. Ra3 Kh6 55. Ra6+ g6 56. Ra5 Rg1+ 57. Kh3 Rb1 58. Rc5 Rb4 59. Kg3 g5 60. Rc8 1/2-1/2

[Event "La Fere op 4th"]
[Site "La Fere"]
[Date "2005.07.06"]
[Round "6"]
[White "Shalamberidze, Akaki"]
[Black "Patsia, Zviad"]
[Result "1/2-1/2"]
[WhiteElo "2419"]
[BlackElo "2091"]
[PlyCount "51"]
[EventDate "2005.07.02"]
[EventType "swiss"]
[EventRounds "9"]
[EventCountry "FRA"]
[SourceTitle "CBM 107 Extra"]
[Source "ChessBase"]
[SourceDate "2005.09.01"]
[SourceVersion "1"]
[SourceVersionDate "2005.09.01"]
[SourceQuality "1"]

1. c4 e5 2. g3 f5 3. Bg2 Nf6 4. e3 c6 5. Ne2 Bd6 6. Nbc3 Bc7 7. 0-0 0-0 8. b4 Qe7 9. b5 a6 10. bxa6 Nxa6 11. d4 e4 12. a4 Ba5 13. Qb3 Kh8 14. Ba3 d6 15. f3 exf3 16. Rxf3 Be6 17. d5 cxd5 18. cxd5 Bg8 19. Rd1 Rac8 20. Nb5 Ne4 21. Ned4 Qe5 22. Ne6 Nac5 23. Nxc5 Nxc5 24. Qa2 Qe4 25. Bb2 Qe7 26. Bd4 1/2-1/2